| 000 | 00702nam a22001937a 4500 | ||
|---|---|---|---|
| 999 |
_c86963 _d86963 |
||
| 005 | 20190923103459.0 | ||
| 010 | _aBAC-CH25 | ||
| 020 |
_a9788171874040 _c250.00 |
||
| 035 | _aB-553090-124 | ||
| 037 |
_adpl _bABC /Ven |
||
| 082 | _a030 | ||
| 100 | _aShahina | ||
| 245 |
_aThe 501 topics Encyclopedia of Questions and Answers : _cby Shahina _bcomprenensive single volume with entries from AZ / |
||
| 260 |
_bBook Palace _c2014 _aNew Delhi |
||
| 270 |
_a4598/12-B, Ansari Road, Darya Ganj _bNew Delhi _e110002 |
||
| 300 |
_a102p.: _bcol.ill _c27cm(Hb) |
||
| 942 |
_2ddc _cCH _mSHA _h030 |
||